000 00681nam a2200289Ia 4500
005 20260324141611.0
008 008 260324s9999 xx 000 0 eng d
020 _a9781351236980
037 _aEBOOK
040 _aCRL
040 _beng
040 _cCRL
041 _2eng
041 _aeng
084 _qCRL
100 _aConcha Delgado-Gaitan
_91208796
245 0 _aProtean Literacy
245 0 _bExtending the Discourse on Empowerment
260 _bTaylor and Francis
260 _c1996
365 _a
365 _b170
856 _uhttp://www.taylorfrancis.com/books/9781351236980
942 _cEBOOK
999 _c1812071
_d1812071